| 000 | 01412nam1a22002411i 4500 | ||
|---|---|---|---|
| 001 | rc\4732863 | ||
| 005 | 20260407124239.0 | ||
| 035 | _a(NLR Aleph) 008733669 | ||
| 090 |
_a9491322 _c9491322 |
||
| 100 | _a20130416d1961 |||y0rusy50 ca | ||
| 101 | 0 | _arus | |
| 102 | _aRU | ||
| 105 | _a di ||||| | ||
| 200 | 1 |
_aПрименение математических и статистических методов в изучении проблем народного потребления _e[Рефераты докладов семинара] _eВып. 1- _fНауч.-исслед. ин-т труда Гос. ком. Совета Министров СССР по вопросам труда и заработной платы. Ин-т экономики АН Арм. ССР. Лаборатория экон.-стат. исследований |
|
| 210 |
_aМосква _cБ. и. _d1961 |
||
| 215 | _d21 | ||
| 606 |
_aПотребление в СССР _xИзучение _jСборники _2psbo |
||
| 712 | 0 | 2 | _aНаучный семинар, посвящ. вопросам применения матем. и стат. методов в изучении проблем экономики нар. потребления (1960; Ереван) |
| 712 | 0 | 2 |
_aНИИ труда _cМосква _3RU\NLR\AUTH\889965033 _9426279 |
| 801 | 0 |
_aRU _bNLR _gpsbo |
|
| 801 | 1 |
_aRU _bELAR _2rusmarc |
|
| 852 |
_aNLR _j61-3/3379 |
||
| 942 | _cBOOK | ||